000 00327nam a2200145Ia 4500
100 _aPeatfield/A.E
490 _vII
942 _cBK
654 _aEngineering T.Y.S
245 _aMechanical Engineering T.Y.S Vol II
260 _bEnglish Universities
_aLondon
_c1967
082 _a670.4
300 _a185
546 _aENGLISH
999 _c34721
_d34721